Essentials of control

The book provides a practical highly readable guide to the basic fundamentals and concepts of control. It is arranged in four chapters on closed loops and their models, dynamic behaviour of system components, analysis of feedback systems and design of feedback systems

Đã lưu trong:
書目詳細資料
主要作者: J Schwarzenbach
格式: 圖書
語言:Undetermined
出版: London Longman 1996
主題:
標簽: 添加標簽
沒有標簽, 成為第一個標記此記錄!
Thư viện lưu trữ: Trung tâm Học liệu Trường Đại học Cần Thơ
LEADER 00784nam a2200205Ia 4500
001 CTU_30768
008 210402s9999 xx 000 0 und d
020 |b 341.000đ 
082 |a 620.00151535 
082 |b S411 
100 |a J Schwarzenbach 
245 0 |a Essentials of control 
245 0 |c J Schwarzenbach 
260 |a London 
260 |b Longman 
260 |c 1996 
520 |a The book provides a practical highly readable guide to the basic fundamentals and concepts of control. It is arranged in four chapters on closed loops and their models, dynamic behaviour of system components, analysis of feedback systems and design of feedback systems 
650 |a engineering mathematics 
904 |i Minh, 990528 
980 |a Trung tâm Học liệu Trường Đại học Cần Thơ